000 00694nam a2200253Ia 4500
001 53656
005 20240114005353.0
007 ta
008 110217s2001 g b000 u 903 u
020 _ao-415-25536-8
040 _aCotton College,Assam
041 _a903
082 _a820
_bCu 897 Pu
100 _aCuller, Jonathan .
245 0 _aThe Pursuit of Sings : Semiotics Literature Deconstraction /
_cJonathan Culler.
_hTextual Documents
250 _aist /
260 _aNew York :
_bRoutledge Publishers ,
_c2001.
300 _a272pg ;
_c20cm.
653 _aEnglish Literature
653 _aG-English
942 _2ddc
_cBK
999 _c53619
_d53619